| 000 | 00661nam a2200181 a 4500 | ||
|---|---|---|---|
| 001 | 000025149 | ||
| 005 | 20200930023605.0 | ||
| 008 | 110210s1989 pr abc r 000 0 spa d | ||
| 040 |
_aDO-SdBNP _bspa _cBNPHU |
||
| 082 |
_axxxxx _bS479s |
||
| 100 | 1 |
_aSepúlveda Rivera, Aníbal _951568 |
|
| 245 | 1 | 0 |
_aSan Juan : _bhistoria ilustrada de su desarrollo urbano, 1508-1898 / _cAníbal Sepúlveda Rivera ; traducción Gloria Madrazo. |
| 260 |
_aSan Juan, Puerto Rico : _bCarimar, _c1989. |
||
| 300 |
_aiv, 335 p. : _bil., mapas., retrs. ; _c28.5 cm. |
||
| 500 | _aBibliografía : p. 316-328 | ||
| 590 | _aInventariado, 2019/BT | ||
| 700 | 1 |
_aMadrazo, Gloria, _etr. _951569 |
|
| 999 |
_c24642 _d24642 |
||